Vstrekované výrobky.

Uložené v:
Podrobná bibliografia
Médium: Kniha
Jazyk:Slovak
Vydané: [2014].
Vydanie:1. vyd.
Témy:
On-line prístup:http://www.plastika.sk
Fyzický popis: 1 l.
Tagy: Pridať tag
Žiadne tagy, Buďte prvý kto otaguje tento záznam!

MARC

LEADER 00000nam#a22000003a#4500
001 000457621
003 SVKKK
005 20150107103323.0
008 110207s2014 xo |||| 0 slo#d
040 |a SVK  |b slo  |c SVK  |e AACR2 
041 0 # |a slo 
043 |a e-xo--- 
044 |a xo  |c SK 
072 7 |a 78  |x Muzikológia. Dejiny hudby  |2 konspekt 
072 7 |a 792  |x Divadlo. Divadelné predstavenia  |2 konspekt 
080 |a 782  |2 2001 
080 |a 792.5  |2 2001 
080 |a (437.6)  |2 2001 
080 |a (083.97)  |2 2001 
110 2 |a Plastika, a. s., Nitra  |c Novozámocká cesta 222, 949 53 Nitra  |4 mfr 
245 1 0 |a Vstrekované výrobky. 
250 |a 1. vyd. 
260 # |c [2014]. 
300 |a 1 l. 
650 0 7 |a opery  |2 SVKKKPH 
651 7 |a Košice (Slovensko)  |2 SVKKKPH 
655 7 |a programy  |2 SVKKKPH 
856 4 1 |u http://www.plastika.sk 
910 |a svkkk 
998 |a FL 
090 |g SCKHL  |k SK42  |a 678.027.74  |j 229694  |i 457621-10  |4 zastaraná  |s Vyradená